[Event "300 Years"]
[Site "St Petersburg"]
[Date "2003.10.26"]
[Round "9"]
[White "Savchenko, Boris"]
[Black "Ulibin, Mikhail"]
[Result "0-1"]
[WhiteElo "2488"]
[BlackElo "2570"]
[PlyCount "128"]
[EventDate "2003.10.18"]
[Source "Roberto Alvarez"]
[SourceDate "2003.10.27"]

1. b3 c5 2. Bb2 b6 3. Nf3 Bb7 4. c4 Nf6 5. Nc3 e6 6. e3 Be7 7. Be2 O-O 8. O-O d5 9. d4 Na6 10. Rc1 Nc7 11. Qd2 Bd6 12. Rfd1 Qe7 13. cxd5 exd5 14. Nb5 Ne4 15. Qe1 Nxb5 16. Bxb5 c4 17. bxc4 Bb4 18. Qe2 a6 19. Ba4 dxc4 20. Qxc4 b5 21. Qc7 bxa4 22. Qxe7 Bxe7 23. Rc7 a3 24. Bc1 Bd6 25. Rxb7 Rfb8 26. Rd7 Rb1 27. Rf1 Bb4 28. Rc7 Nc3 29. g3 Nxa2 30. Bxa3 Rxf1+ 31. Kxf1 Bxa3 32. Rc2 Nc1 33. Rc3 Bb2 34. Rc2 Ba3 35. Rc3 Bb2 36. Rc2 Rb8 37. Ne5 f6 38. Nd7 Rb4 39. Nc5 a5 40. d5 Kf7 41. d6 Nb3 42. Nd3 Ba3 43. Rc7+ Ke6 44. Nxb4 Bxb4 45. Rxg7 Kxd6 46. Rxh7 a4 47. Rb7 Bc3 48. Ke2 Na5 49. Rb6+ Kc5 50. Rb1 a3 51. Kd3 a2 52. Rd1 a1=Q 53. Rxa1 Bxa1 54. Ke4 Kd6 55. Kf5 Nc6 56. Kg6 Ke6 57. f4 Ne7+ 58. Kh5 Kf5 59. g4+ Ke4 60. f5 Nxf5 61. gxf5 Kxf5 62. Kh6 Bc3 63. Kg7 Ke4 64. Kg6 f5 0-1

[Event "Eksjo"]
[Site "Eksjo"]
[Date "1982.??.??"]
[Round "10"]
[White "Schussler, Harry"]
[Black "Suba, Mihai"]
[Result "0-1"]
[WhiteElo "2485"]
[BlackElo "2500"]
[PlyCount "110"]
[EventDate "1982.08.??"]
[Source "ChessBase"]

1. b3 c5 2. Bb2 Nc6 3. e3 d5 4. Bb5 e6 5. f4 Qb6 6. Qe2 a6 7. Bxc6+ Qxc6 8. Nf3 f6 9. O-O Nh6 10. c4 Bd6 11. Nc3 O-O 12. Qd3 dxc4 13. bxc4 b6 14. Rab1 Bb7 15. a4 Nf5 16. a5 Rfd8 17. Qe2 bxa5 18. Qd1 Rab8 19. Qc2 Qe8 20. Ne4 Qg6 21. Nxd6 Bxf3 22. Rxf3 Nh4 23. Qxg6 Nxf3+ 24. gxf3 hxg6 25. Ne4 a4 26. Nc3 Rxd2 27. Nxa4 Rb4 28. Ra1 Rxc4 29. Bc3 Rc2 30. Ra3 Kh7 31. h3 Kh6 32. Kf1 Rxa4 33. Rxa4 Rxc3 34. Ke2 Rc2+ 35. Kd3 Rf2 36. Rxa6 Rxf3 37. Rxe6 g5 38. fxg5+ Kxg5 39. Rc6 Rxh3 40. Rxc5+ Kg4 41. Rc4+ Kg3 42. Rf4 Rh1 43. Ke2 Rh2+ 44. Kf1 Ra2 45. Rf5 Ra6 46. Ke2 g5 47. Rf3+ Kg4 48. Rf1 Ra2+ 49. Kd3 f5 50. Rg1+ Kh5 51. Rh1+ Kg6 52. Rh8 g4 53. Kd4 Kg5 54. Rg8+ Kh4 55. Ke5 Rf2 0-1

[Event "Reykjavik ISL"]
[Site "Reykjavik ISL"]
[Date "1995.??.??"]
[Round "9"]
[White "Gretarsson, Helgi A"]
[Black "Olafsson, Helgi"]
[Result "0-1"]
[WhiteElo "2450"]
[BlackElo "2520"]
[PlyCount "66"]
[EventDate "1995.??.??"]
[Source "www.chesslib.no"]
[SourceDate "2004.05.04"]

1. b3 c5 2. Bb2 d5 3. e3 a6 4. f4 Nc6 5. Nf3 Bg4 6. Be2 Bxf3 7. Bxf3 e6 8. O-O Nf6 9. f5 Bd6 10. fxe6 fxe6 11. Bxf6 gxf6 12. c4 Be5 13. cxd5 exd5 14. Nc3 Qd6 15. Bxd5 O-O-O 16. e4 Bxh2+ 17. Kh1 Be5 18. Rc1 Kb8 19. a3 Ne7 20. b4 f5 21. Qh5 cxb4 22. axb4 Nxd5 23. Nxd5 fxe4 24. Qe2 Bh2 25. Qe3 b5 26. Ne7 Qf4 27. d4 Rxd4 28. Ng8 Qf7 29. Rc5 Rd8 30. Qb3 Ka8 31. Qd1 Qf4 32. Qc1 Qh4 33. Re1 Rd4 0-1

[Event "URS Team Ch"]
[Site "Azov"]
[Date "1991.??.??"]
[Round "?"]
[White "Minasian, Artashes"]
[Black "Graf, Alexander"]
[Result "1/2-1/2"]
[WhiteElo "2495"]
[BlackElo "2475"]
[PlyCount "115"]
[EventDate "1991.??.??"]
[Source "www.chesslib.no"]
[SourceDate "2004.05.04"]

1. b3 c5 2. Bb2 Nc6 3. e3 d5 4. Bb5 Bd7 5. Nf3 f6 6. O-O a6 7. Bxc6 Bxc6 8. d4 e6 9. Nbd2 Nh6 10. Re1 Nf7 11. e4 cxd4 12. Nxd4 e5 13. c4 dxe4 14. Nxc6 bxc6 15. Nxe4 Bb4 16. Bc3 Bxc3 17. Nxc3 Qxd1 18. Raxd1 Ke7 19. Na4 Rhd8 20. Nc5 a5 21. Kf1 Ra7 22. Ke2 f5 23. f3 Rd6 24. Rxd6 Kxd6 25. Na4 Re7 26. a3 Ng5 27. Rd1+ Kc7 28. Nc5 e4 29. fxe4 Nxe4 30. Nxe4 Rxe4+ 31. Kd3 c5 32. Rf1 g6 33. Rf3 Kd6 34. g3 Ke5 35. Rf2 g5 36. Rb2 f4 37. gxf4+ gxf4 38. b4 Re3+ 39. Kd2 cxb4 40. axb4 a4 41. c5 Rh3 42. Ke1 Rc3 43. b5 a3 44. Ra2 Kd5 45. b6 Kc6 46. Kf2 h5 47. h4 Rh3 48. Kg2 Rb3 49. Ra1 Kxc5 50. b7 Rxb7 51. Rxa3 Rg7+ 52. Kf2 Kd4 53. Ra4+ Ke5 54. Ra5+ Ke4 55. Rxh5 Ra7 56. Rb5 Ra2+ 57. Kf1 Kf3 58. Rb3+ 1/2-1/2

[Event "Gausdal Masters"]
[Site "Gausdal"]
[Date "1996.??.??"]
[Round "1"]
[White "Sokolov, Andrei"]
[Black "Ivanov, Mikhail M"]
[Result "1-0"]
[WhiteElo "2580"]
[BlackElo "2375"]
[PlyCount "83"]
[EventDate "1996.01.??"]
[Source "ChessBase"]

1. b3 c5 2. Bb2 Nc6 3. e3 e5 4. Bb5 Nge7 5. Nf3 d6 6. O-O a6 7. Be2 g6 8. c4 Bg7 9. Nc3 O-O 10. d3 h6 11. Ne1 Kh7 12. Nc2 f5 13. a3 a5 14. Rb1 Be6 15. Na4 Bg8 16. f4 b6 17. g3 Rb8 18. d4 cxd4 19. exd4 exf4 20. d5 f3 21. Bxf3 Ne5 22. Nd4 b5 23. Nxb5 Nxf3+ 24. Rxf3 Nxd5 25. Bxg7 Kxg7 26. Rd3 Qe7 27. Qe1 Qf6 28. Qxa5 f4 29. Rf1 Qg5 30. cxd5 fxg3 31. Qc3+ Kh7 32. Rxg3 Rxf1+ 33. Kxf1 Qxd5 34. Qc7+ Bf7 35. Nd4 Qh1+ 36. Rg1 Qd5 37. Nc3 Qxd4 38. Qxf7+ Kh8 39. Rxg6 Qd3+ 40. Kg2 Qd2+ 41. Kf1 Qc1+ 42. Kf2 1-0

[Event "Troll Masters"]
[Site "Gausdal"]
[Date "1995.??.??"]
[Round "9"]
[White "Gausel, Einar"]
[Black "Ernst, Thomas"]
[Result "1/2-1/2"]
[WhiteElo "2490"]
[BlackElo "2465"]
[PlyCount "34"]
[EventDate "1995.01.??"]
[Source "ChessBase"]

1. b3 c5 2. Bb2 Nc6 3. c4 e5 4. e3 g6 5. a3 a5 6. Nc3 Bg7 7. g3 f5 8. Bg2 Nf6 9. Nge2 O-O 10. O-O d6 11. d3 Kh8 12. Qd2 Be6 13. d4 cxd4 14. exd4 Bg8 15. d5 Nb8 16. Nb5 Na6 17. Qc2 Rc8 1/2-1/2

[Event "Concordia"]
[Site "Hamburg"]
[Date "1977.??.??"]
[Round "9"]
[White "Castro Rojas, Oscar Humberto"]
[Black "Csom, Istvan"]
[Result "1-0"]
[WhiteElo "2410"]
[BlackElo "2535"]
[PlyCount "69"]
[EventDate "1977.06.??"]
[Source "ChessBase"]

1. b3 c5 2. c4 Nc6 3. Nc3 g6 4. Bb2 Bg7 5. e3 d6 6. Nf3 e5 7. Be2 Nge7 8. O-O O-O 9. a3 h6 10. Rb1 Be6 11. Ba1 f5 12. b4 a6 13. d3 Rc8 14. Qd2 f4 15. Rfc1 fxe3 16. fxe3 Nf5 17. Ne4 Rc7 18. b5 Nb8 19. d4 exd4 20. exd4 d5 21. Ng3 Nxd4 22. Nxd4 cxd4 23. cxd5 Rxc1+ 24. Rxc1 Qxd5 25. Rc7 Nd7 26. Bc4 Qxc4 27. Rxc4 Bxc4 28. Bxd4 Nf6 29. Qc2 Bf7 30. Qb2 Bd5 31. h3 Rf7 32. Qc2 Kh7 33. h4 h5 34. Qd3 Ba2 35. Bxf6 1-0

[Event "Buenos Aires ol (Men)"]
[Site "Buenos Aires ARG"]
[Date "1978.??.??"]
[Round "5"]
[White "Schneider, Lars-Ake"]
[Black "Schmidt, Wlodzimierz"]
[Result "1/2-1/2"]
[WhiteElo "2430"]
[BlackElo "2505"]
[PlyCount "20"]
[EventDate "1978.10.25"]
[Source "www.chesslib.no"]
[SourceDate "2004.05.04"]

1. b3 c5 2. Bb2 Nc6 3. Nf3 e6 4. e3 Nf6 5. Be2 d5 6. O-O Be7 7. d4 O-O 8. c4 dxc4 9. Bxc4 cxd4 10. Nxd4 Nxd4 1/2-1/2

[Event "Hofmann Cup"]
[Site "Baden-Baden GER"]
[Date "1995.??.??"]
[Round "2"]
[White "Bezold, Michael"]
[Black "Sandor, Christian"]
[Result "1-0"]
[WhiteElo "2495"]
[BlackElo "2420"]
[PlyCount "47"]
[EventDate "1995.??.??"]
[Source "www.chesslib.no"]
[SourceDate "2004.05.04"]

1. b3 c5 2. Bb2 d6 3. e3 Nf6 4. c4 g6 5. Bxf6 exf6 6. Nc3 Bg7 7. g3 O-O 8. Bg2 f5 9. Nge2 Nc6 10. O-O Rb8 11. Rb1 Be6 12. a3 Qa5 13. Qc1 Ne7 14. Nf4 a6 15. b4 Qd8 16. Ncd5 Nc6 17. Qc2 Qd7 18. bxc5 dxc5 19. Rb6 Rfd8 20. Rfb1 Kh8 21. Nd3 Qd6 22. Rxb7 Rxb7 23. Rxb7 Na5 24. Rb6 1-0

[Event "Las Palmas2"]
[Site "Las Palmas ESP"]
[Date "1993.??.??"]
[Round "?"]
[White "Garcia Padron, Jose"]
[Black "Urday, Henry"]
[Result "1/2-1/2"]
[WhiteElo "2445"]
[BlackElo "2465"]
[PlyCount "143"]
[EventDate "1993.??.??"]
[Source "www.chesslib.no"]
[SourceDate "2004.05.04"]

1. b3 c5 2. Bb2 Nc6 3. e3 Nf6 4. Bb5 Qb6 5. Be2 d6 6. c4 e5 7. Nf3 Be7 8. Nc3 O-O 9. O-O h6 10. d3 Rd8 11. Rc1 Be6 12. Nd2 Rac8 13. Nde4 Qc7 14. Bf3 Qd7 15. g3 Nh7 16. Nd5 Bh3 17. Bg2 Bxg2 18. Kxg2 f5 19. Nec3 Rf8 20. f4 Rce8 21. Rc2 Nf6 22. Rcf2 Ng4 23. Re2 Bd8 24. h3 Nf6 25. Nxf6+ Bxf6 26. Nd5 Nb4 27. Nxb4 cxb4 28. e4 exf4 29. Bxf6 Rxf6 30. Rxf4 Qc6 31. Kh2 fxe4 32. Rxf6 gxf6 33. dxe4 Rxe4 34. Rf2 Kg7 35. Qf3 Re6 36. Qg4+ Kf7 37. Qh5+ Kg7 38. Qg4+ Kf7 39. Qh5+ Kg7 40. Rf4 Re5 41. Rg4+ Rg5 42. h4 Qc5 43. Rxg5+ fxg5 44. Qf3 b6 45. Qb7+ Kf6 46. hxg5+ hxg5 47. Qxa7 Qf2+ 48. Kh3 Qf1+ 49. Kh2 g4 50. Qxb6 Qh3+ 51. Kg1 Qxg3+ 52. Kh1 Qe1+ 53. Kg2 Ke5 54. Qd8 Qe2+ 55. Kg3 Qf3+ 56. Kh4 Qh3+ 57. Kg5 g3 58. Qf6+ Ke4 59. Qf4+ Kd3 60. Qxd6+ Kc2 61. Qg6+ Kb2 62. Qd3 Qh2 63. Kg4 g2 64. Qd2+ Ka3 65. Qc1+ Kxa2 66. Qc2+ Ka3 67. Qc1+ Kxb3 68. Qb1+ Kxc4 69. Qc2+ Kb5 70. Qd3+ Kc5 71. Qe3+ Kc6 72. Qe4+ 1/2-1/2

[Event "ASEAN Masters Circuit GMA"]
[Site "Tarakan INA"]
[Date "2008.01.14"]
[Round "6"]
[White "Torre, E."]
[Black "Purnama, T."]
[Result "1-0"]
[WhiteElo "2519"]
[BlackElo "2383"]
[PlyCount "73"]
[EventDate "2008.01.08"]
[Source "www.chesslib.no"]
[SourceDate "2004.05.04"]

1. b3 c5 2. Bb2 Nc6 3. e3 d5 4. Bb5 Qb6 5. Nc3 Nf6 6. Nf3 a6 7. Bxc6+ Qxc6 8. Ne2 g6 9. Ne5 Qc7 10. d4 Bg7 11. O-O O-O 12. Nf4 cxd4 13. exd4 Bf5 14. c3 Rfd8 15. f3 Ne8 16. Re1 Bh6 17. Ne2 Bg7 18. Ng3 Nd6 19. Nf1 Rac8 20. Ne3 Be6 21. Nd3 Nb5 22. Nc5 Qc6 23. a4 Nc7 24. a5 f6 25. Nc2 Bf5 26. Nb4 Qb5 27. Qe2 e5 28. Qxb5 Nxb5 29. Nxb7 Rd7 30. Nc5 Rd6 31. Nbxa6 Bh6 32. Re2 Bg7 33. Nb4 Bd7 34. a6 exd4 35. cxd4 f5 36. Re7 Be8 37. a7 1-0

[Event "Camp. Commonwealth 2008"]
[Site "Nagpur IND"]
[Date "2008.10.06"]
[Round "11"]
[White "Panchanathan, M."]
[Black "Konguvel, P."]
[Result "1-0"]
[WhiteElo "2486"]
[BlackElo "2415"]
[PlyCount "89"]
[EventDate "2008.09.28"]
[Source "www.chesslib.no"]
[SourceDate "2004.05.04"]

1. b3 c5 2. Bb2 b6 3. Nf3 Bb7 4. c4 e6 5. Nc3 Nf6 6. g3 Be7 7. Bg2 O-O 8. d4 cxd4 9. Qxd4 d6 10. O-O a6 11. Rad1 Nbd7 12. h3 b5 13. cxb5 axb5 14. a3 d5 15. Nxb5 Bc6 16. a4 Qb8 17. g4 Bxb5 18. axb5 Qxb5 19. g5 Bc5 20. Qc3 Bb4 21. Qe3 Ne4 22. Nd4 Qb7 23. Bxe4 dxe4 24. Nc2 Be7 25. Rd2 Nc5 26. b4 Na4 27. Ba1 Nb6 28. Qc3 f6 29. Ne3 Nd5 30. Nxd5 exd5 31. Rb1 Rfc8 32. Qg3 fxg5 33. b5 Rf8 34. Bd4 Bf6 35. b6 Ra6 36. Qd6 Bxd4 37. Rxd4 Rb8 38. Rdb4 h6 39. Rc1 Qa8 40. Rc7 Ra1+ 41. Kg2 Rd1 42. Qe5 Qa1 43. Qxa1 Rxa1 44. b7 Kh7 45. Rc8 1-0

[Event "BL2-N 9495"]
[Site "GER"]
[Date "1995.??.??"]
[Round "?"]
[White "Bagirov, Vladimir K"]
[Black "Seils, Joerg"]
[Result "1-0"]
[WhiteElo "2530"]
[BlackElo "2370"]
[PlyCount "81"]
[EventDate "1994.??.??"]
[Source "www.chesslib.no"]
[SourceDate "2004.05.04"]

1. b3 c5 2. Bb2 Nc6 3. f4 Nf6 4. Nf3 d6 5. c4 g6 6. g3 Bg7 7. Bg2 O-O 8. O-O Rb8 9. e3 a6 10. Qe2 b5 11. d3 Qc7 12. Nc3 b4 13. Nd1 e5 14. Nf2 Bd7 15. Nh4 exf4 16. gxf4 Rbe8 17. Qd2 Qd8 18. Nf3 Nh5 19. Bxg7 Nxg7 20. d4 cxd4 21. exd4 Qb6 22. Rfe1 Ne7 23. c5 dxc5 24. dxc5 Qc7 25. Ne4 Nh5 26. Rac1 Nf5 27. Qxb4 Bc6 28. Nd6 Rxe1+ 29. Rxe1 Rb8 30. Qc4 Nxd6 31. cxd6 Qxd6 32. Ng5 Qxf4 33. Qxf4 Nxf4 34. Bxc6 h6 35. Nf3 Nd3 36. Re2 Rc8 37. Re8+ Rxe8 38. Bxe8 Nc1 39. Ne5 Nxa2 40. Bxf7+ Kg7 41. Bc4 1-0

[Event "12th Goodricke Open, Calcutta IND"]
[Site "?"]
[Date "2001.??.??"]
[Round "5"]
[White "Abdulla, Al"]
[Black "Rausis, I."]
[Result "0-1"]
[WhiteElo "2355"]
[BlackElo "2525"]
[PlyCount "62"]
[EventDate "2001.??.??"]
[Source "www.chesslib.no"]
[SourceDate "2004.05.04"]

1. b3 c5 2. Bb2 Nc6 3. e3 e5 4. c4 g6 5. Nc3 Bg7 6. d3 Nge7 7. Nf3 O-O 8. Be2 d5 9. cxd5 Nxd5 10. Rc1 Nxc3 11. Bxc3 Bf5 12. O-O Rc8 13. Qd2 Qe7 14. Qb2 Rfd8 15. Rcd1 b5 16. Qa1 a5 17. Rfe1 a4 18. bxa4 b4 19. Bb2 Qa7 20. Nxe5 Bxe5 21. Bxe5 Nxe5 22. Qxe5 Qxa4 23. e4 Be6 24. d4 cxd4 25. Rxd4 Qxa2 26. h4 Rxd4 27. Qxd4 Qa5 28. Ra1 Qc5 29. Qxc5 Rxc5 30. Ra8+ Kg7 31. Rb8 b3 0-1

[Event "TCh-BIH"]
[Site "Jahorina"]
[Date "2003.06.25"]
[Round "7"]
[White "Popchev, Milko"]
[Black "Lekic, Dusan"]
[Result "1/2-1/2"]
[WhiteElo "2450"]
[BlackElo "2430"]
[PlyCount "53"]
[EventDate "2003.06.21"]
[Source "Roberto Alvarez"]
[SourceDate "2003.07.07"]

1. b3 c5 2. Bb2 Nc6 3. c4 Nf6 4. Nf3 g6 5. Bxf6 exf6 6. Nc3 Bg7 7. g3 f5 8. Bg2 O-O 9. O-O b6 10. Rc1 Bb7 11. Ne1 Rb8 12. Nd3 Bh6 13. e3 d6 14. Rb1 Ne7 15. Bxb7 Rxb7 16. Qf3 Rd7 17. b4 Qa8 18. Qxa8 Rxa8 19. Nf4 Bxf4 20. gxf4 Rc8 21. Rfc1 cxb4 22. Rxb4 d5 23. cxd5 Nxd5 24. Rd4 Nxc3 25. Rxc3 Rxc3 26. dxc3 Rc7 27. Ra4 1/2-1/2

[Event "Sweden"]
[Site "?"]
[Date "1999.??.??"]
[Round "10"]
[White "Welin Thomas"]
[Black "Svensson Bengt"]
[Result "1-0"]
[WhiteElo "2416"]
[BlackElo "2447"]
[PlyCount "83"]
[EventDate "1999.??.??"]
[Source "www.chesslib.no"]
[SourceDate "2004.05.04"]

1. b3 c5 2. Bb2 Nc6 3. c4 e6 4. Nf3 Nf6 5. e3 Be7 6. Be2 O-O 7. a3 d5 8. cxd5 Nxd5 9. Ra2 b6 10. O-O Bb7 11. d3 Bf6 12. Qc1 Rc8 13. Nbd2 Bxb2 14. Rxb2 Qe7 15. Rc2 Kh8 16. Re1 e5 17. Bf1 f5 18. g3 e4 19. Nh4 Ne5 20. Nxf5 Rxf5 21. dxe4 Rxf2 22. Kxf2 Ng4+ 23. Kg1 Ndxe3 24. Rc3 Qf6 25. Re2 Nxf1 26. Rf3 Nxg3 27. Rxg3 Qd4+ 28. Kg2 Nf6 29. Qc4 Qd7 30. Kg1 Re8 31. e5 Nd5 32. Qh4 h6 33. h3 Re7 34. Kh2 Qf5 35. Rf3 Qg6 36. Nc4 Bc6 37. Rg2 Qe6 38. Qh5 b5 39. Rg6 Qd7 40. Nd6 Kh7 41. Nf5 Rf7 42. Rxh6+ 1-0

[Event "Barbera del Valles Open"]
[Site "?"]
[Date "2004.07.06"]
[Round "2"]
[White "Gonzalez Rodriguez Jorge A"]
[Black "Mirzoev Azer"]
[Result "1/2-1/2"]
[WhiteElo "2513"]
[BlackElo "2348"]
[PlyCount "77"]
[EventDate "2004.??.??"]
[Source "www.chesslib.no"]
[SourceDate "2004.05.04"]

1. b3 c5 2. Bb2 Nc6 3. e3 Nf6 4. Nf3 e6 5. d4 cxd4 6. exd4 d5 7. Bd3 Be7 8. Nbd2 O-O 9. a3 b6 10. O-O Bb7 11. c4 Qd6 12. g3 Rad8 13. Rc1 dxc4 14. bxc4 Rfe8 15. Re1 Bf8 16. Qa4 g6 17. Bf1 Bh6 18. Rc2 Bg7 19. Bg2 Qb8 20. c5 Nd5 21. Nc4 Re7 22. Nd6 Ba8 23. Ba1 h6 24. Ne5 Nxe5 25. dxe5 bxc5 26. Rxc5 Nb6 27. Qc2 Bxg2 28. Kxg2 Qa8+ 29. Qe4 Qxe4+ 30. Rxe4 Red7 31. Ra5 Bf8 32. Nb5 Nc8 33. Bd4 Rd5 34. a4 Bc5 35. Nc3 Rxd4 36. Rxc5 Nb6 37. a5 Na4 38. Rxd4 Rxd4 39. Rc8+ 1/2-1/2

[Event "CRO Team Ch"]
[Site "Makarska Tucepi"]
[Date "1995.??.??"]
[Round "?"]
[White "Cvorovic, Drazen"]
[Black "Kosanski, Stanko"]
[Result "1-0"]
[WhiteElo "2425"]
[BlackElo "2435"]
[PlyCount "113"]
[EventDate "1995.??.??"]
[Source "www.chesslib.no"]
[SourceDate "2004.05.04"]

1. b3 c5 2. Nf3 Nc6 3. Bb2 d6 4. e3 Bg4 5. Be2 e6 6. O-O Nf6 7. d4 Be7 8. c4 O-O 9. Nc3 cxd4 10. Nxd4 Bxe2 11. Ndxe2 Qa5 12. Nd4 a6 13. Nxc6 bxc6 14. Na4 d5 15. Rc1 Qd8 16. Qd4 Ne8 17. Qb6 Qxb6 18. Nxb6 Rd8 19. cxd5 cxd5 20. Rc6 Nf6 21. Rfc1 Rfe8 22. Be5 Nd7 23. Nxd7 Rxd7 24. Rxa6 f6 25. Bb2 e5 26. Kf1 d4 27. exd4 exd4 28. Ra4 d3 29. Bd4 f5 30. g3 Bg5 31. Rd1 Re4 32. Ra8+ Kf7 33. Bc5 f4 34. Ra7 Rxa7 35. Bxa7 Re7 36. Bb8 Rd7 37. Bxf4 Bd8 38. Kg2 g5 39. Be3 g4 40. h3 h5 41. hxg4 hxg4 42. f3 Ke6 43. fxg4 Ke5 44. Kf3 Rf7+ 45. Bf4+ Kd4 46. Rc1 d2 47. Rd1 Ba5 48. g5 Kd3 49. Kg4 Kc2 50. Rxd2+ Bxd2 51. Bxd2 Kxd2 52. g6 Ra7 53. Kg5 Ke3 54. Kh6 Rxa2 55. g7 Rh2+ 56. Kg5 Rg2 57. Kh4 1-0

[Event "Caciulata"]
[Site "Calimanesti"]
[Date "1992.??.??"]
[Round "?"]
[White "Luce, Sebastien"]
[Black "Maksimenko, Andrei"]
[Result "1-0"]
[WhiteElo "2400"]
[BlackElo "2455"]
[PlyCount "107"]
[EventDate "1992.??.??"]
[Source "www.chesslib.no"]
[SourceDate "2004.05.04"]

1. b3 c5 2. Bb2 Nc6 3. f4 Nf6 4. Nf3 g6 5. Nc3 d5 6. e3 Bg7 7. Bb5 O-O 8. Bxc6 bxc6 9. Na4 c4 10. O-O Ba6 11. Nc5 c3 12. Bxc3 Bxf1 13. Qxf1 Ne4 14. Nxe4 dxe4 15. Ne5 Qd5 16. Qa6 Rfc8 17. Qb7 Bf6 18. a4 g5 19. g3 gxf4 20. gxf4 Bxe5 21. Bxe5 Qe6 22. Bc3 f6 23. f5 Qd6 24. Rf1 a6 25. Qb4 Qxb4 26. Bxb4 c5 27. Bc3 Kf7 28. Rf4 Rg8+ 29. Kf2 Rg5 30. h4 Rh5 31. Ba5 Re8 32. d3 exd3 33. cxd3 e6 34. fxe6+ Rxe6 35. Bc3 Rb6 36. Ke2 f5 37. Rc4 Rxb3 38. Rxc5 Rxh4 39. Rxf5+ Kg6 40. Rf6+ Kg5 41. Rc6 Rxa4 42. Kf3 h5 43. e4 Ra2 44. Bf6+ Kg6 45. Ke3 Kf7 46. e5 Raa3 47. Rd6 a5 48. Bh4 Rb8 49. e6+ Kg7 50. Ke4 a4 51. Bg3 Ra2 52. Be5+ Kg6 53. e7+ Kf7 54. Rd8 1-0

[Event "ESP-chT"]
[Site "?"]
[Date "1998.??.??"]
[Round "4"]
[White "Garcia Padron Jose"]
[Black "Sanchez Guirado Francisco Jav"]
[Result "1-0"]
[WhiteElo "2460"]
[BlackElo "2395"]
[PlyCount "56"]
[EventDate "1998.??.??"]
[Source "www.chesslib.no"]
[SourceDate "2004.05.04"]

1. b3 c5 2. Bb2 Nc6 3. e3 e6 4. Nf3 Nf6 5. Bb5 Be7 6. O-O O-O 7. Bxc6 bxc6 8. c4 d5 9. d3 Nd7 10. e4 Bf6 11. e5 Be7 12. Nbd2 a5 13. a4 f5 14. exf6 Bxf6 15. d4 cxd4 16. Bxd4 e5 17. Bb2 e4 18. Bxf6 Qxf6 19. Ne1 Ne5 20. Qe2 Nxc4 21. Nc2 Ne5 22. b4 axb4 23. Nxb4 Nd3 24. Nxd3 exd3 25. Qe3 Qf4 26. Qxf4 Rxf4 27. Rac1 Bd7 28. Nb3 Rc4 1-0

[Event "Guingamp Open 3rd"]
[Site "?"]
[Date "1999.??.??"]
[Round "4"]
[White "Collas Didier"]
[Black "Ivanov Mikhail M"]
[Result "1-0"]
[WhiteElo "2330"]
[BlackElo "2495"]
[PlyCount "89"]
[EventDate "1999.??.??"]
[Source "www.chesslib.no"]
[SourceDate "2004.05.04"]

1. b3 c5 2. Bb2 Nc6 3. Nf3 d6 4. c4 e5 5. Nc3 g6 6. g3 Bg7 7. Bg2 f5 8. O-O Nge7 9. d3 O-O 10. Nd2 g5 11. Nd5 Ng6 12. b4 Bd7 13. bxc5 dxc5 14. Nb3 b6 15. a4 a5 16. e3 f4 17. d4 exd4 18. exd4 cxd4 19. Re1 Nce5 20. Bxd4 fxg3 21. fxg3 Bg4 22. Qc2 Bf3 23. Bxb6 Qd7 24. Nd4 Bxg2 25. Qxg2 Nxc4 26. Bc5 Rfd8 27. Rad1 Qxd5 28. Re8+ Kf7 29. Qxd5+ Rxd5 30. Rxa8 Rxc5 31. Rf1+ Bf6 32. Ra6 Nf4 33. Nb3 Ne3 34. gxf4 Rf5 35. Rf3 gxf4 36. Rxa5 Be5 37. h3 Kg6 38. Kf2 Rg5 39. Ke2 Rg2+ 40. Kd3 Bc7 41. Rc5 Bb8 42. Rc8 Be5 43. Ke4 Bd6 44. Rc6 Nf5 45. Nd4 1-0

[Event "Ostende Open"]
[Site "Ostende"]
[Date "1991.??.??"]
[Round "5"]
[White "Welling, Gerard"]
[Black "Jansa, Vlastimil"]
[Result "1/2-1/2"]
[WhiteElo "2330"]
[BlackElo "2495"]
[PlyCount "83"]
[EventDate "1991.09.??"]
[Source "www.chesslib.no"]
[SourceDate "2004.05.04"]

1. b3 c5 2. c4 Nf6 3. Bb2 e6 4. Nf3 Be7 5. e3 O-O 6. Be2 Nc6 7. O-O d5 8. cxd5 Nxd5 9. Nc3 Bf6 10. Qc1 b6 11. Ne4 Bxb2 12. Qxb2 Bb7 13. Rfd1 Qe7 14. d4 cxd4 15. Nxd4 Nxd4 16. Qxd4 Rac8 17. Bc4 Rfd8 18. Qe5 f6 19. Qg3 Kh8 20. a4 a6 21. h3 h6 22. Qh4 Rd7 23. Ng3 Rcd8 24. e4 Nc7 25. Qg4 b5 26. axb5 axb5 27. Bf1 Rxd1 28. Rxd1 Bc8 29. Qe2 e5 30. Rxd8+ Qxd8 31. Qc2 Be6 32. Be2 Qd7 33. Kh2 Ne8 34. Qc5 Nd6 35. b4 g6 36. Bg4 Bxg4 37. hxg4 Kg7 38. f3 Nf7 39. Ne2 h5 40. gxh5 gxh5 41. Nc3 Qd2 42. Nd5 1/2-1/2

[Event "Barbera op"]
[Site "?"]
[Date "2000.??.??"]
[Round "9"]
[White "Cano Sanchez Josue"]
[Black "Vehi Bach Victor Manuel"]
[Result "0-1"]
[WhiteElo "2361"]
[BlackElo "2454"]
[PlyCount "96"]
[EventDate "2000.??.??"]
[Source "www.chesslib.no"]
[SourceDate "2004.05.04"]

1. b3 c5 2. Bb2 Nc6 3. f4 Nf6 4. Nf3 e6 5. e3 Be7 6. Bb5 Qc7 7. Ne5 Nb8 8. a4 O-O 9. Ng4 Nxg4 10. Qxg4 f6 11. f5 d5 12. fxe6 Qd6 13. Bd3 Bxe6 14. Bf5 Bf7 15. Nc3 a6 16. d4 Nc6 17. O-O g6 18. Bd3 Nb4 19. Rad1 c4 20. bxc4 dxc4 21. Be4 Be6 22. Qf3 f5 23. Bxb7 Ra7 24. Ba3 Qd7 25. Bxb4 Bxb4 26. Bc6 Qd6 27. Nd5 Ba5 28. Nf4 Bf7 29. Bd5 g5 30. Bxf7+ Raxf7 31. Ne2 Bc7 32. g3 Re8 33. Nc3 Ba5 34. e4 Qa3 35. Nd5 Qxf3 36. Rxf3 Rxe4 37. Kf2 g4 38. Re3 Kg7 39. Ke2 Rb7 40. Rxe4 fxe4 41. Ke3 Rb2 42. Rc1 Ra2 43. Nf4 Rxa4 44. Ne6+ Kg6 45. Nc5 Ra2 46. Nxa6 Bd8 47. Nb4 Bg5+ 48. Kxe4 Rb2 0-1

[Event "Ceske Budejovice Open"]
[Site "Ceske Budejovice CZE"]
[Date "1993.??.??"]
[Round "9"]
[White "Vokac, Marek"]
[Black "Dranov, Aleksandar"]
[Result "1-0"]
[WhiteElo "2465"]
[BlackElo "2345"]
[PlyCount "61"]
[EventDate "1993.??.??"]
[Source "www.chesslib.no"]
[SourceDate "2004.05.04"]

1. b3 c5 2. Bb2 b6 3. e3 Bb7 4. f4 e6 5. Nf3 Nf6 6. Bd3 d6 7. O-O Nbd7 8. Nc3 Be7 9. e4 O-O 10. Qe2 e5 11. fxe5 Nxe5 12. Nxe5 dxe5 13. Kh1 Kh8 14. Bc4 Qd4 15. d3 Qd7 16. Rf5 Bd6 17. Raf1 a6 18. a4 Bc6 19. Qf3 Qe7 20. g4 Ra7 21. g5 Nh5 22. Qxh5 g6 23. Qh6 gxf5 24. Rxf5 Qd8 25. Rf6 Rd7 26. Bd5 Bxd5 27. Nxd5 Re8 28. Rf5 Bf8 29. Rxe5 f6 30. Rxe8 Qxe8 31. Nxf6 1-0

[Event "It (Open) La Roda ESP"]
[Site "?"]
[Date "2006.04.15"]
[Round "7"]
[White "Campos Luis Maria"]
[Black "Pogorelov Ruslan"]
[Result "1/2-1/2"]
[WhiteElo "2420"]
[BlackElo "2385"]
[PlyCount "22"]
[EventDate "2006.??.??"]
[Source "www.chesslib.no"]
[SourceDate "2004.05.04"]

1. b3 c5 2. Bb2 Nc6 3. Nf3 e6 4. e3 Nf6 5. d4 d5 6. Bd3 Be7 7. O-O O-O 8. c4 cxd4 9. Nxd4 Nxd4 10. Bxd4 dxc4 11. Bxc4 Bd7 1/2-1/2

[Event "Wuerzburg Open"]
[Site "Wuerzburg"]
[Date "1995.??.??"]
[Round "7"]
[White "Bezold, Michael"]
[Black "Feustel, Bernd"]
[Result "1-0"]
[WhiteElo "2495"]
[BlackElo "2300"]
[PlyCount "79"]
[EventDate "1995.??.??"]
[Source "www.chesslib.no"]
[SourceDate "2004.05.04"]

1. b3 c5 2. Bb2 b6 3. c4 Bb7 4. Nf3 Nf6 5. g3 g6 6. Bxf6 exf6 7. Bg2 Bg7 8. Nc3 f5 9. O-O Bxc3 10. dxc3 Qf6 11. Qd2 Na6 12. Rad1 O-O-O 13. Qd6 Qxd6 14. Rxd6 Bxf3 15. Bxf3 Rhe8 16. a4 Re6 17. Rd2 Kc7 18. Bd5 Rf6 19. Ra1 Nb8 20. a5 Nc6 21. axb6+ axb6 22. h4 f4 23. Kg2 fxg3 24. Kxg3 h6 25. e4 g5 26. hxg5 hxg5 27. Bxc6 Kxc6 28. Ra7 Rf4 29. f3 f5 30. e5 d5 31. exd6 Rd7 32. Rxd7 Kxd7 33. Rd5 Rh4 34. Rxf5 Kxd6 35. Rxg5 Rh1 36. Rd5+ Ke6 37. b4 Rc1 38. bxc5 bxc5 39. Rxc5 Rxc3 40. Kf4 1-0